| 000 | 00642nam a2200241Ia 4500 | ||
|---|---|---|---|
| 003 | OSt | ||
| 005 | 20221007074224.0 | ||
| 006 | a|||||r|||| 00| 0 | ||
| 007 | ta | ||
| 008 | 221006b |||||||| |||| 00| 0 eng d | ||
| 024 | _a13,003 | ||
| 037 | _cTextual | ||
| 040 |
_aFLL _cFLL _beng |
||
| 041 |
_2eng _aeng |
||
| 082 | _aV58:2:Z, M1.1 | ||
| 100 |
_aSmirnow L.N. Ed. _9692738 |
||
| 245 | 0 | _aLegislative acts of the USSR 1977-1979 | |
| 260 |
_aMoscow _bProgress pub. U.S.S.R. _c1981 |
||
| 300 |
_a380p _ccm. |
||
| 490 | _vVol.1 | ||
| 942 |
_hV58:2:Z, M1.1 _cTEXL _2CC |
||
| 999 |
_c1151586 _d1151586 |
||